000 01040naa a2200265 c 4500
001 49042
999 _c49042
_d49042
003 ES-MaCES
005 20170321105403.0
008 170321s2016 sp ||||| t||||||| ||spa d
040 _aES-MaCES
_bspa
_cES-MaCES
_dES-MaCES
100 1 _921814
_aRecaño Valverde, Joaquín
245 1 3 _aLa consolidación de las migraciones internas de inmigrantes como factor estructural de la movilidad geográfica en España
_cJoaquín Recaño
500 _aResumen
504 _aBibliografía: p. 68-71
650 4 _928633
_amigración interna
650 4 _928632
_ainmigración
650 4 _928631
_ainmigrante
650 4 _928358
_adesplazamiento
650 4 _928354
_amovilidad de la mano de obra
650 4 _926964
_aEspaña
653 1 0 _aCiencias Sociales-Políticas
773 0 _985735
_dMadrid Fundación de las Cajas de Ahorros (FUNCAS) 2005-
_o088633
_tPanorama social
_w(ES-MaCES)25996
_gn. 24 (2º sem. 2016) {55/1043 R. 088633} ;p. 49-71
902 _aART Artículo de revista
942 _2CES
_cAR
_h7.0.